Memory hold-the-door, (Record no. 552130)
[ view plain ]
| 000 -LEADER | |
|---|---|
| fixed length control field | 00515cam a22001571 4500 |
| 082 ## - DEWEY DECIMAL CLASSIFICATION NUMBER | |
| Classification number | 355.009242 |
| Author Mark | BUC |
| 100 1# - MAIN ENTRY--PERSONAL NAME | |
| Personal name | Buchan, John, |
| 9 (RLIN) | 11826 |
| 245 10 - TITLE STATEMENT | |
| Title | Memory hold-the-door, |
| Statement of responsibility, etc. | by John Buchan. |
| 260 ## - PUBLICATION, DISTRIBUTION, ETC. | |
| Place of publication, distribution, etc. | London, |
| Name of publisher, distributor, etc. | Hodder and Stoughton ltd., |
| Date of publication, distribution, etc. | 1940. |
| 300 ## - PHYSICAL DESCRIPTION | |
| Extent | 327 p. |
| Other physical details | illus. |
| Dimensions | 23 cm. |
| 500 ## - GENERAL NOTE | |
| General note | American edition ([Boston] Houghton Mifflin company, 1940) has title: Pilgrim's way. |
| 526 ## - STUDY PROGRAM INFORMATION NOTE | |
| Program name | 0 |
| Interest level | 0 |
| Reading level | 0 |
| Title point value | 355_009242000000000_BUC |
| 650 ## - SUBJECT ADDED ENTRY--TOPICAL TERM | |
| Topical term or geographic name entry element | MCE |
| 9 (RLIN) | 379 |
| 700 ## - ADDED ENTRY--PERSONAL NAME | |
| Personal name | Buchan, John, |
| 9 (RLIN) | 11826 |
| 942 ## - ADDED ENTRY ELEMENTS (KOHA) | |
| Source of classification or shelving scheme | |
| Koha item type | Book |
| Withdrawn status | Lost status | Source of classification or shelving scheme | Damaged status | Not for loan | Permanent Location | Current Location | Date acquired | Total Checkouts | Full call number | Barcode | Date last seen | Price effective from | Koha item type |
|---|---|---|---|---|---|---|---|---|---|---|---|---|---|
| Military College of Engineering (MCE) | Military College of Engineering (MCE) | 01/08/2015 | 355.009242 BUC | MCE-ECM/134 | 01/08/2015 | 01/08/2015 | Book |
